[Event "Titled Tuesday intern op 16th Apr Early"]
[Site "Chess.com INT"]
[Date "2024.04.16"]
[Round "10"]
[White "Mena, Martin"]
[Black "Postnikov, Artem"]
[Result "1-0"]
[WhiteElo "1971"]
[BlackElo "2176"]
[PlyCount "127"]
[EventDate "2024.04.16"]
[EventType "swiss (blitz)"]
[EventRounds "11"]
[EventCountry "USA"]
[SourceTitle "CB17_2024"]
[SourceDate "2024.04.24"]
[SourceVersion "1"]
[SourceVersionDate "2024.04.24"]
[SourceQuality "1"]

1. c4 Nf6 2. g3 g6 3. Bg2 Bg7 4. Nc3 0-0 5. d3 c5 6. e4 Nc6 7. Nge2 d6 8. 0-0 a6 9. h3 Rb8 10. Be3 Bd7 11. Qd2 b5 12. Rab1 b4 13. Nd5 e6 14. Nxf6+ Bxf6 15. Bf4 e5 16. Bh6 Re8 17. f4 exf4 18. Qxf4 Be5 19. Qxf7+ Kh8 20. Nf4 Rg8 21. Nd5 Qe8 22. Qxe8 Rbxe8 23. Nf6 Bxf6 24. Rxf6 Be6 25. b3 Ne5 26. Rd1 g5 27. Kh2 Nf7 28. h4 gxh4 29. gxh4 Nxh6 30. Rxh6 Rg4 31. Bh3 Rf4 32. Rxe6 Rf2+ 33. Kg3 Ref8 34. Rxd6 R8f3+ 35. Kg4 Rf4+ 36. Kg5 R4f3 37. Rd8+ Kg7 38. Rd7+ Kf8 39. Rd8+ Ke7 40. Rh8 Rxh3 41. Rxh7+ Kd6 42. Rh6+ Ke5 43. Rxa6 Rg3+ 44. Kh5 Rh2 45. Rg6 Rgh3 46. Rg5+ Kd4 47. Rd5+ Kc3 48. Rxc5 Rxh4+ 49. Kg6 R4h3 50. e5 Rg2+ 51. Kf6 Rf3+ 52. Ke7 Re2 53. Kd6 Rfe3 54. Rd5 Kb2 55. c5 Kxa2 56. d4 Kxb3 57. c6 Ka3 58. c7 b3 59. c8Q b2 60. Qa6+ Kb3 61. Qb5+ Ka2 62. Qa4+ Ra3 63. Qc4+ Rb3 64. Ra5# 1-0

[Event "Titled Tuesday intern op 16th Apr Early"]
[Site "Chess.com INT"]
[Date "2024.04.16"]
[Round "2"]
[White "Postnikov, Artem"]
[Black "Tulchynskyi, Feliks"]
[Result "0-1"]
[WhiteElo "2176"]
[BlackElo "2233"]
[PlyCount "54"]
[EventDate "2024.04.16"]
[EventType "swiss (blitz)"]
[EventRounds "11"]
[EventCountry "USA"]
[SourceTitle "CB17_2024"]
[SourceDate "2024.04.24"]
[SourceVersion "1"]
[SourceVersionDate "2024.04.24"]
[SourceQuality "1"]

1. e4 e5 2. Nf3 Nc6 3. d4 exd4 4. c3 d3 5. Bxd3 Bc5 6. 0-0 d6 7. Bg5 Nf6 8. b4 Bb6 9. b5 Ne5 10. Nxe5 dxe5 11. Qf3 h6 12. Bxf6 Qxf6 13. Qxf6 gxf6 14. a4 Ba5 15. c4 c5 16. Na3 Be6 17. Nc2 0-0-0 18. Rfd1 Bc3 19. Rab1 Bd4 20. a5 Rd6 21. Na3 Rhd8 22. Bf1 Bxf2+ 23. Kxf2 Rxd1 24. Rxd1 Rxd1 25. b6 a6 26. g3 Ra1 27. Nc2 Ra2 0-1

[Event "Titled Tuesday intern op 16th Apr Early"]
[Site "Chess.com INT"]
[Date "2024.04.16"]
[Round "6"]
[White "Postnikov, Artem"]
[Black "Vila Dupla, Aurelio"]
[Result "1-0"]
[WhiteElo "2176"]
[BlackElo "2042"]
[PlyCount "43"]
[EventDate "2024.04.16"]
[EventType "swiss (blitz)"]
[EventRounds "11"]
[EventCountry "USA"]
[SourceTitle "CB17_2024"]
[SourceDate "2024.04.24"]
[SourceVersion "1"]
[SourceVersionDate "2024.04.24"]
[SourceQuality "1"]

1. e4 c5 2. Nf3 d6 3. d4 cxd4 4. Nxd4 Nf6 5. Nc3 g6 6. Be3 Bg7 7. f3 0-0 8. Qd2 Nc6 9. g4 Nxd4 10. Bxd4 Be6 11. h4 Qa5 12. h5 Rfc8 13. 0-0-0 Rxc3 14. Qxc3 Qxa2 15. b3 Rc8 16. Qb2 Bh6+ 17. Rd2 Qa5 18. c4 Bxg4 19. hxg6 Nxe4 20. fxe4 Bxd2+ 21. Qxd2 Qxd2+ 22. Kxd2 1-0

[Event "Titled Tuesday intern op 16th Apr Early"]
[Site "Chess.com INT"]
[Date "2024.04.16"]
[Round "5"]
[White "Smirnov, Timofey"]
[Black "Postnikov, Artem"]
[Result "1-0"]
[WhiteElo "2368"]
[BlackElo "2176"]
[PlyCount "51"]
[EventDate "2024.04.16"]
[EventType "swiss (blitz)"]
[EventRounds "11"]
[EventCountry "USA"]
[SourceTitle "CB17_2024"]
[SourceDate "2024.04.24"]
[SourceVersion "1"]
[SourceVersionDate "2024.04.24"]
[SourceQuality "1"]

1. d4 Nf6 2. Bf4 c5 3. c3 Nc6 4. e3 d6 5. Nd2 g6 6. h3 Bg7 7. Ngf3 0-0 8. Be2 Nh5 9. Bh2 Re8 10. 0-0 e5 11. dxe5 Nxe5 12. Nxe5 Bxe5 13. Bxh5 Bxh2+ 14. Kxh2 gxh5 15. Qxh5 Re5 16. Qf3 Bf5 17. e4 Bg6 18. Qg4 Rg5 19. Qf3 Qe7 20. Rae1 Qe5+ 21. Kh1 b5 22. Qd3 a6 23. f4 Qf6 24. fxg5 Qxg5 25. Qd5 Re8 26. Qxg5 1-0

[Event "Titled Tuesday intern op 02nd Apr Early"]
[Site "Chess.com INT"]
[Date "2024.04.02"]
[Round "8"]
[White "Postnikov, Artem"]
[Black "Lenoir Ibacache, Gabriel Alberto"]
[Result "0-1"]
[WhiteElo "2176"]
[BlackElo "2228"]
[PlyCount "62"]
[EventDate "2024.04.02"]
[EventType "swiss (blitz)"]
[EventRounds "11"]
[EventCountry "USA"]
[SourceTitle "CB15_2024"]
[SourceDate "2024.04.10"]
[SourceVersion "1"]
[SourceVersionDate "2024.04.10"]
[SourceQuality "1"]

1. e4 c5 2. Nf3 d6 3. d4 cxd4 4. Nxd4 Nf6 5. Nc3 a6 6. f3 e5 7. Nb3 Be6 8. Be3 Nbd7 9. Qd2 h5 10. Be2 Rc8 11. 0-0-0 b5 12. h3 h4 13. Bg5 Be7 14. Kb1 Qc7 15. Nd5 Bxd5 16. exd5 Nb6 17. Bxf6 Bxf6 18. Na5 0-0 19. g4 hxg3 20. h4 Na4 21. Nc6 e4 22. h5 Nxb2 23. h6 Nc4 24. Bxc4 bxc4 25. hxg7 Rb8+ 26. Nb4 Rxb4+ 27. Qxb4 Rb8 28. Rh8+ Kxg7 29. Rxb8 Qe7 30. Rb7 Qe5 31. Qxc4 Qa1# 0-1

[Event "Titled Tuesday intern op 02nd Apr Early"]
[Site "Chess.com INT"]
[Date "2024.04.02"]
[Round "2"]
[White "Postnikov, Artem"]
[Black "Martine, Jean Christophe"]
[Result "0-1"]
[WhiteElo "2176"]
[BlackElo "1998"]
[PlyCount "92"]
[EventDate "2024.04.02"]
[EventType "swiss (blitz)"]
[EventRounds "11"]
[EventCountry "USA"]
[SourceTitle "CB15_2024"]
[SourceDate "2024.04.10"]
[SourceVersion "1"]
[SourceVersionDate "2024.04.10"]
[SourceQuality "1"]

1. e4 d6 2. d4 Nf6 3. Nc3 c6 4. Nf3 Bg4 5. h3 Bh5 6. Bd3 e6 7. g4 Bg6 8. Bg5 Be7 9. Qd2 d5 10. Bxf6 Bxf6 11. e5 Be7 12. 0-0-0 a6 13. h4 c5 14. h5 Bxd3 15. Qxd3 Nc6 16. dxc5 Bxc5 17. g5 Nxe5 18. Nxe5 Qxg5+ 19. Kb1 Qxe5 20. Rde1 Qd6 21. Nxd5 0-0-0 22. Nc3 Qxd3 23. cxd3 Rxd3 24. Re5 Bd6 25. Rg5 Rg8 26. Rc1 Kb8 27. Ne4 Bf4 28. Nc5 Bxg5 29. Nxd3 Bxc1 30. Kxc1 h6 31. Ne5 Rf8 32. Nd7+ Kc7 33. Nxf8 Kd8 34. Nh7 Ke7 35. f4 f6 36. Kd2 Kf7 37. Ke3 Kg8 38. Kd2 Kxh7 39. Ke3 Kg8 40. Ke4 Kf7 41. Kd4 Ke7 42. Kc4 b6 43. Kb4 Kd6 44. Kc4 e5 45. fxe5+ Kxe5 46. Kd3 f5 0-1

[Event "Titled Tuesday intern op 04th Jul Late"]
[Site "Chess.com INT"]
[Date "2023.07.04"]
[Round "6"]
[White "Guerra Tulcan, Lenin"]
[Black "Postnikov, Artem"]
[Result "1/2-1/2"]
[WhiteElo "2310"]
[BlackElo "2197"]
[PlyCount "133"]
[EventDate "2023.07.04"]
[EventType "swiss (blitz)"]
[EventRounds "11"]
[EventCountry "USA"]
[SourceTitle "EXT 2024"]
[Source "ChessBase"]
[SourceDate "2023.10.10"]
[SourceVersion "1"]
[SourceVersionDate "2023.10.10"]
[SourceQuality "1"]

1. e4 g6 2. d4 Bg7 3. Nf3 d6 4. Nc3 Nd7 5. Be2 a6 6. a4 b6 7. 0-0 Bb7 8. Re1 c5 9. Bf1 Rc8 10. Bg5 cxd4 11. Nxd4 Ngf6 12. f3 0-0 13. Qd2 Ne5 14. Bh6 Nc4 15. Bxc4 Rxc4 16. Bxg7 Kxg7 17. Rad1 Qc7 18. Qg5 Kh8 19. Kh1 Qc5 20. Qxc5 bxc5 21. Nde2 Rb4 22. b3 c4 23. Na2 Rb6 24. a5 Rc6 25. b4 c3 26. Nexc3 Rfc8 27. Re3 Nd7 28. f4 Nf6 29. h3 Rc4 30. Rde1 d5 31. exd5 Nxd5 32. Nxd5 Bxd5 33. c3 Rxf4 34. Nc1 Rf2 35. Nd3 e6 36. R1e2 Rxe2 37. Rxe2 Rxc3 38. Nc5 Bc4 39. Rd2 Bb5 40. Rd8+ Kg7 41. Ra8 Rc4 42. Rb8 Kf6 43. Kh2 h5 44. Rb6 h4 45. Rb7 Rc2 46. Ne4+ Ke5 47. Ng5 Kf5 48. Nxf7 Bc6 49. Nd6+ Ke5 50. Nf7+ Kf6 51. Rc7 Rxg2+ 52. Kh1 Rc2+ 53. Kg1 Be4 54. Rxc2 Bxc2 55. Nd6 Ke7 56. Nb7 Bd3 57. Nc5 Bb5 58. Kf2 Kd6 59. Ke3 Kd5 60. Kf4 Kc4 61. Nxe6 Kxb4 62. Nc7 Kxa5 63. Kg5 Bd7 64. Kxh4 Kb6 65. Nxa6 Kxa6 66. Kg5 Bxh3 67. Kxg6 1/2-1/2

[Event "Titled Tuesday intern op 20th Jun Early"]
[Site "Chess.com INT"]
[Date "2023.06.20"]
[Round "2"]
[White "Cardozo Munar, Carlos Eduardo"]
[Black "Postnikov, Artem"]
[Result "1-0"]
[WhiteElo "2043"]
[BlackElo "2197"]
[PlyCount "95"]
[EventDate "2023.06.20"]
[EventType "swiss (blitz)"]
[EventRounds "11"]
[EventCountry "USA"]
[SourceTitle "EXT 2024"]
[Source "ChessBase"]
[SourceDate "2023.10.10"]
[SourceVersion "1"]
[SourceVersionDate "2023.10.10"]
[SourceQuality "1"]

1. d4 d5 2. c3 Nf6 3. Bg5 Ne4 4. h4 c5 5. Nd2 Bf5 6. Ngf3 Qb6 7. Qb3 c4 8. Qxb6 axb6 9. Nxe4 Bxe4 10. Nd2 Bf5 11. e4 dxe4 12. Bxc4 e6 13. 0-0 Nd7 14. Rfe1 Be7 15. Nxe4 Bxg5 16. Nd6+ Kf8 17. Nxf5 Bf6 18. Nd6 Bxh4 19. Nxb7 Be7 20. Bb5 Nf6 21. Bc6 Ra7 22. a4 g6 23. a5 bxa5 24. Rxa5 Rxa5 25. Nxa5 Kg7 26. b4 Rc8 27. b5 Bd8 28. Nc4 Nd5 29. Nd6 Rc7 30. c4 Nc3 31. Ra1 Ne2+ 32. Kf1 Nxd4 33. Ne8+ Kf8 34. Nxc7 Bxc7 35. Ra7 Bb6 36. Rb7 Bc5 37. Be4 f5 38. Bd3 e5 39. f3 h5 40. Rc7 Bb6 41. Rc8+ Ke7 42. c5 Kd7 43. Rg8 Bxc5 44. Rxg6 h4 45. Rh6 e4 46. fxe4 fxe4 47. Bc4 Nf5 48. Be6+ 1-0

[Event "Titled Tuesday intern op 13th Jun Early"]
[Site "Chess.com INT"]
[Date "2023.06.13"]
[Round "8"]
[White "Postnikov, Artem"]
[Black "Luxama, Jacques Muller"]
[Result "1-0"]
[WhiteElo "2197"]
[BlackElo "1933"]
[PlyCount "69"]
[EventDate "2023.06.13"]
[EventType "swiss (blitz)"]
[EventRounds "11"]
[EventCountry "USA"]
[SourceTitle "EXT 2024"]
[Source "ChessBase"]
[SourceDate "2023.10.10"]
[SourceVersion "1"]
[SourceVersionDate "2023.10.10"]
[SourceQuality "1"]

1. Nf3 Nf6 2. g3 g6 3. Bg2 Bg7 4. 0-0 0-0 5. d4 c5 6. d5 d6 7. Nc3 a6 8. a4 Nbd7 9. Nd2 b6 10. e4 Rb8 11. Nc4 Qc7 12. Na3 e6 13. h3 exd5 14. exd5 Re8 15. Be3 Rxe3 16. fxe3 Bh6 17. e4 Kg7 18. Qe2 Ne5 19. Nc4 Nxc4 20. Qxc4 Qd7 21. Rf2 Be3 22. Raf1 b5 23. axb5 axb5 24. Qd3 Bxf2+ 25. Rxf2 b4 26. Nd1 Qe7 27. Ne3 Qe5 28. Nc4 Qe7 29. Qf3 Ba6 30. Na5 Bb5 31. c4 Be8 32. g4 Ra8 33. Nc6 Bxc6 34. dxc6 Qe5 35. h4 1-0

[Event "Titled Tuesday intern op 13th Jun Early"]
[Site "Chess.com INT"]
[Date "2023.06.13"]
[Round "7"]
[White "Tsukerman, Julia"]
[Black "Postnikov, Artem"]
[Result "0-1"]
[WhiteElo "1741"]
[BlackElo "2197"]
[PlyCount "70"]
[EventDate "2023.06.13"]
[EventType "swiss (blitz)"]
[EventRounds "11"]
[EventCountry "USA"]
[SourceTitle "EXT 2024"]
[Source "ChessBase"]
[SourceDate "2023.10.10"]
[SourceVersion "1"]
[SourceVersionDate "2023.10.10"]
[SourceQuality "1"]

1. e4 e6 2. d4 d5 3. Nd2 c5 4. exd5 Qxd5 5. Ngf3 Nf6 6. g3 cxd4 7. Bg2 Nc6 8. 0-0 Be7 9. Nb3 Qd6 10. Nfxd4 Nxd4 11. Nxd4 a6 12. Be3 0-0 13. c4 Qc7 14. Qb3 Bc5 15. Rad1 Rb8 16. Rfe1 Ng4 17. Bc1 e5 18. h3 Nxf2 19. Kxf2 Bxd4+ 20. Be3 b5 21. Bxd4 bxc4 22. Qc3 exd4 23. Rxd4 Be6 24. Bd5 Bxd5 25. Rxd5 Qb6+ 26. Rd4 Rfd8 27. Red1 Rxd4 28. Qxd4 Qxb2+ 29. Qxb2 Rxb2+ 30. Kf3 g6 31. Rc1 Rxa2 32. Rxc4 h5 33. Kf4 a5 34. Kg5 Kg7 35. Kf4 a4 0-1

[Event "Titled Tuesday intern op 23rd May Early"]
[Site "Chess.com INT"]
[Date "2023.05.23"]
[Round "5"]
[White "Han, Yichen"]
[Black "Postnikov, Artem"]
[Result "0-1"]
[WhiteElo "2413"]
[BlackElo "2197"]
[PlyCount "134"]
[EventDate "2023.05.23"]
[EventType "swiss (blitz)"]
[EventRounds "11"]
[EventCountry "USA"]
[SourceTitle "CBM 214 Extra"]
[Source "ChessBase"]
[SourceDate "2023.07.31"]
[SourceVersion "1"]
[SourceVersionDate "2023.07.31"]
[SourceQuality "1"]

1. d4 Nf6 2. c4 g6 3. Nc3 Bg7 4. e4 d6 5. Nf3 0-0 6. Be2 e5 7. 0-0 Nc6 8. dxe5 dxe5 9. Bg5 Bg4 10. Qxd8 Nxd8 11. Bxf6 Bxf6 12. Nd5 Bxf3 13. Bxf3 Bg5 14. Nxc7 Rc8 15. Nb5 a6 16. Na3 Be7 17. Be2 Bxa3 18. bxa3 Nc6 19. Rfc1 Nd4 20. Bf1 Rc7 21. a4 Rfc8 22. Rd1 Rc5 23. Rab1 R8c7 24. f4 f6 25. Rb4 Nc6 26. Rb2 exf4 27. Rd6 Kf7 28. Rd5 Na5 29. Rf2 g5 30. Rb2 Ke6 31. Rb6+ Kf7 32. Rdd6 R5c6 33. c5 Kg7 34. g3 fxg3 35. hxg3 Rxc5 36. Rxf6 R5c6 37. e5 Rxb6 38. Rxb6 Nc6 39. e6 Kf6 40. Bh3 Ke7 41. Bf5 h5 42. Rb1 Nd4 43. Bg6 h4 44. gxh4 gxh4 45. Re1 Nf3+ 46. Kf2 Nxe1 47. Kxe1 Kf6 48. Bh5 Kxe6 49. Kd2 Ke5 50. Kd3 Rh7 51. Bf3 h3 52. Ke3 h2 53. Bh1 Rh6 54. Kf2 b6 55. Ke3 a5 56. a3 Kd6 57. Kf2 Kc5 58. Kg3 Kc4 59. Kg4 Kb3 60. Kg5 Rh8 61. Kg6 Kxa3 62. Kg7 Rh4 63. Kg6 Kxa4 64. Kg5 Rh8 65. Kg4 Kb4 66. Kf4 a4 67. Ke3 a3 0-1

[Event "Titled Tuesday intern op 23rd May Early"]
[Site "Chess.com INT"]
[Date "2023.05.23"]
[Round "8"]
[White "Postnikov, Artem"]
[Black "Koshulyan, Egor A"]
[Result "1-0"]
[WhiteElo "2197"]
[BlackElo "2136"]
[PlyCount "119"]
[EventDate "2023.05.23"]
[EventType "swiss (blitz)"]
[EventRounds "11"]
[EventCountry "USA"]
[SourceTitle "CBM 214 Extra"]
[Source "ChessBase"]
[SourceDate "2023.07.31"]
[SourceVersion "1"]
[SourceVersionDate "2023.07.31"]
[SourceQuality "1"]

1. d4 Nf6 2. c4 e5 3. dxe5 Ng4 4. Nf3 Bc5 5. e3 Nc6 6. Nc3 0-0 7. Be2 Re8 8. 0-0 Ngxe5 9. b3 Nxf3+ 10. Bxf3 Ne5 11. Bb2 a5 12. Na4 Bf8 13. g3 Nxf3+ 14. Qxf3 Ra6 15. Nc3 Rh6 16. Nd5 d6 17. Nf4 Qg5 18. Rad1 Bg4 19. Rd5 Bxf3 20. Rxg5 a4 21. Ra5 axb3 22. axb3 f6 23. Nd5 c6 24. Nf4 g5 25. Ng2 b5 26. cxb5 cxb5 27. Rc1 b4 28. Ne1 Be4 29. f3 Bg6 30. Bd4 Bf7 31. Rb1 f5 32. Rxf5 Bg6 33. Rxg5 Be7 34. Rg4 Rh5 35. Rc1 Ra5 36. Ng2 Kf7 37. Nf4 Ra3 38. Nxg6 hxg6 39. Rb1 Rc8 40. Rf4+ Ke6 41. Re4+ Kd7 42. Rb2 d5 43. Rg4 Rc1+ 44. Kg2 Raa1 45. Rxg6 Rg1+ 46. Kh3 Raf1 47. Kg4 Rh1 48. f4 Rb1 49. h4 Rxb2 50. Bxb2 Rb1 51. Bd4 Rxb3 52. h5 Rb1 53. h6 Rh1 54. Rg7 Ke6 55. h7 b3 56. Rxe7+ Kxe7 57. h8Q Rxh8 58. Bxh8 d4 59. Bxd4 b2 60. Bxb2 1-0

[Event "Titled Tuesday intern op 23rd May Early"]
[Site "Chess.com INT"]
[Date "2023.05.23"]
[Round "2"]
[White "Postnikov, Artem"]
[Black "Yarullina, Alina"]
[Result "1-0"]
[WhiteElo "2197"]
[BlackElo "2084"]
[PlyCount "69"]
[EventDate "2023.05.23"]
[EventType "swiss (blitz)"]
[EventRounds "11"]
[EventCountry "USA"]
[SourceTitle "CBM 214 Extra"]
[Source "ChessBase"]
[SourceDate "2023.07.31"]
[SourceVersion "1"]
[SourceVersionDate "2023.07.31"]
[SourceQuality "1"]

1. d4 d5 2. Nf3 Nf6 3. c4 e6 4. g3 Be7 5. Bg2 0-0 6. 0-0 dxc4 7. Qc2 a6 8. a4 Nc6 9. Qxc4 Qd5 10. Nbd2 Na5 11. Qc2 c5 12. e4 Qc6 13. Ne5 Qc7 14. b4 Nc6 15. Nxc6 Qxc6 16. bxc5 b6 17. Nb3 bxc5 18. dxc5 Bb7 19. Na5 Qc7 20. Nxb7 Qxb7 21. Bg5 Rac8 22. Bxf6 gxf6 23. e5 Qc7 24. exf6 Bxf6 25. Rac1 Bg5 26. f4 Bf6 27. c6 Bd4+ 28. Kh1 Qb6 29. f5 exf5 30. Qxf5 f6 31. Be4 Rc7 32. a5 Qb4 33. Qd5+ Kh8 34. Rc4 Qb3 35. Qxd4 1-0

[Event "Titled Tuesday intern op 11th Apr Early"]
[Site "Chess.com INT"]
[Date "2023.04.11"]
[Round "5"]
[White "Marin, Sebastian"]
[Black "Postnikov, Artem"]
[Result "0-1"]
[WhiteElo "2269"]
[BlackElo "2197"]
[PlyCount "126"]
[EventDate "2023.04.11"]
[EventType "swiss (blitz)"]
[EventRounds "11"]
[EventCountry "USA"]
[SourceTitle "CBM 213 Extra"]
[Source "ChessBase"]
[SourceDate "2023.05.31"]
[SourceVersion "1"]
[SourceVersionDate "2023.05.31"]
[SourceQuality "1"]

1. e4 e6 2. d4 d5 3. Nc3 Bb4 4. e5 c5 5. a3 Bxc3+ 6. bxc3 Ne7 7. a4 Qc7 8. Nf3 b6 9. Bb5+ Bd7 10. 0-0 0-0 11. Ng5 Bxb5 12. axb5 h6 13. Nh3 a6 14. Qe2 Qb7 15. Ba3 Rc8 16. dxc5 bxc5 17. Rfb1 axb5 18. Rxb5 Qa6 19. g4 Nd7 20. Bb2 Qc6 21. Rba5 Rxa5 22. Rxa5 Qc7 23. Ra1 Qxe5 24. Qb5 Qc7 25. c4 Rb8 26. Qa5 Qxa5 27. Rxa5 Rxb2 28. Ra7 Ne5 29. Rxe7 Nxc4 30. Re8+ Kh7 31. f4 Rxc2 32. f5 exf5 33. gxf5 Nd6 34. Rd8 Nxf5 35. Rxd5 Ne3 36. Rd7 Rg2+ 37. Kh1 Rb2 38. Rxf7 Rb1+ 39. Ng1 c4 40. Rf3 c3 41. Rxe3 c2 42. Rc3 c1Q 43. Rxc1 Rxc1 44. Kg2 Kg6 45. Nf3 Rc2+ 46. Kg3 Rc3 47. h4 Kf5 48. Kf2 Kf4 49. Nd4 Rh3 50. Ne2+ Kg4 51. Kg2 Re3 52. Ng1 Kxh4 53. Kf2 Ra3 54. Nf3+ Rxf3+ 55. Kxf3 Kh3 56. Kf2 g5 57. Kg1 g4 58. Kh1 Kg3 59. Kg1 h5 60. Kh1 Kf2 61. Kh2 g3+ 62. Kh3 g2 63. Kh4 g1Q 0-1

[Event "Titled Tuesday intern op 11th Apr Early"]
[Site "Chess.com INT"]
[Date "2023.04.11"]
[Round "9"]
[White "Postnikov, Artem"]
[Black "Berezin, Viktor1111"]
[Result "0-1"]
[WhiteElo "2197"]
[BlackElo "2307"]
[PlyCount "76"]
[EventDate "2023.04.11"]
[EventType "swiss (blitz)"]
[EventRounds "11"]
[EventCountry "USA"]
[SourceTitle "CBM 213 Extra"]
[Source "ChessBase"]
[SourceDate "2023.05.31"]
[SourceVersion "1"]
[SourceVersionDate "2023.05.31"]
[SourceQuality "1"]

1. d4 Nf6 2. c4 g6 3. Nf3 Bg7 4. g3 0-0 5. Bg2 d6 6. 0-0 Nc6 7. Nc3 a6 8. b3 Rb8 9. Bb2 b5 10. cxb5 axb5 11. d5 Na7 12. b4 c6 13. e4 Bg4 14. Qb3 Bxf3 15. Bxf3 Nd7 16. Be2 Qb6 17. dxc6 Nxc6 18. Nd5 Qb7 19. Bxg7 Kxg7 20. Rfc1 Rfc8 21. Qb2+ f6 22. Bg4 Nce5 23. Rxc8 Rxc8 24. Bxd7 Qxd7 25. f4 Nc4 26. Qd4 e5 27. Qf2 Rf8 28. Rf1 Rf7 29. Qe2 Qa7+ 30. Kh1 Qd4 31. f5 Nd2 32. Re1 gxf5 33. Ne3 Qxe4+ 34. Qg2 Qxg2+ 35. Kxg2 Kg6 36. Rd1 Ne4 37. Nd5 Ra7 38. Ra1 Kf7 0-1

[Event "Titled Tuesday intern op 11th Apr Early"]
[Site "Chess.com INT"]
[Date "2023.04.11"]
[Round "8"]
[White "Postnikov, Artem"]
[Black "Coelho, Ramyres Santana"]
[Result "1-0"]
[WhiteElo "2197"]
[BlackElo "1981"]
[PlyCount "93"]
[EventDate "2023.04.11"]
[EventType "swiss (blitz)"]
[EventRounds "11"]
[EventCountry "USA"]
[SourceTitle "CBM 213 Extra"]
[Source "ChessBase"]
[SourceDate "2023.05.31"]
[SourceVersion "1"]
[SourceVersionDate "2023.05.31"]
[SourceQuality "1"]

1. d4 Nf6 2. c4 g6 3. Nf3 Bg7 4. g3 d6 5. Bg2 0-0 6. 0-0 Nc6 7. Nc3 e5 8. dxe5 Nxe5 9. b3 Nxf3+ 10. Bxf3 Ng4 11. Bb2 Ne5 12. Bg2 Nc6 13. Qd2 Be6 14. Nd5 Bxb2 15. Qxb2 Bxd5 16. cxd5 Ne5 17. Rac1 Qf6 18. Qd2 Qe7 19. Rc3 f5 20. Rfc1 Rac8 21. Qd4 Ng4 22. e3 b6 23. Bf1 Ne5 24. Kg2 Ng4 25. Ba6 Qe4+ 26. f3 Qxd4 27. exd4 Nf6 28. Bxc8 Rxc8 29. Rxc7 Re8 30. Rc8 Kf8 31. Rxe8+ Kxe8 32. Rc7 Nxd5 33. Rxa7 h6 34. a4 Ne3+ 35. Kh3 Nc2 36. Rg7 Nxd4 37. Rxg6 Ke7 38. Rxh6 Nxf3 39. Rh7+ Ke6 40. Rb7 d5 41. Rxb6+ Kd7 42. a5 d4 43. a6 d3 44. a7 d2 45. a8Q d1Q 46. Qa7+ Kd8 47. Rb8# 1-0

[Event "Titled Tuesday intern op 7th Mar Early"]
[Site "Chess.com INT"]
[Date "2023.03.07"]
[Round "5"]
[White "Postnikov, Artem"]
[Black "Jakubowski, Krzysztof"]
[Result "0-1"]
[WhiteElo "2197"]
[BlackElo "2485"]
[PlyCount "70"]
[EventDate "2023.03.07"]
[EventType "swiss (blitz)"]
[EventRounds "11"]
[EventCountry "USA"]
[SourceTitle "EXT 2024"]
[Source "ChessBase"]
[SourceDate "2023.10.10"]
[SourceVersion "1"]
[SourceVersionDate "2023.10.10"]
[SourceQuality "1"]

1. Nf3 Nf6 2. g3 d5 3. Bg2 c6 4. 0-0 Bf5 5. d3 e6 6. c4 Be7 7. b3 h6 8. Bb2 0-0 9. Nbd2 a5 10. Qc2 a4 11. Nd4 Bh7 12. cxd5 exd5 13. bxa4 Qa5 14. e4 dxe4 15. dxe4 Nbd7 16. Nc4 Qxa4 17. Qxa4 Rxa4 18. Ne3 Bxe4 19. Ndf5 Ba3 20. Bxa3 Rxa3 21. Nc4 Ra7 22. Ne7+ Kh7 23. Nd6 Bxg2 24. Kxg2 Ng8 25. Nxg8 Kxg8 26. Rab1 b5 27. Rfc1 Ra6 28. Rb2 Ne5 29. Nf5 Nd3 30. Rcc2 Nxb2 31. Rxb2 Re8 32. Rc2 h5 33. h4 g6 34. Nd4 Kg7 35. Kf3 Ra3+ 0-1

[Event "Titled Tuesday intern op 7th Mar Early"]
[Site "Chess.com INT"]
[Date "2023.03.07"]
[Round "10"]
[White "Postnikov, Artem"]
[Black "Tsyhanchuk, Stanislav"]
[Result "1-0"]
[WhiteElo "2197"]
[BlackElo "2273"]
[PlyCount "81"]
[EventDate "2023.03.07"]
[EventType "swiss (blitz)"]
[EventRounds "11"]
[EventCountry "USA"]
[SourceTitle "EXT 2024"]
[Source "ChessBase"]
[SourceDate "2023.10.10"]
[SourceVersion "1"]
[SourceVersionDate "2023.10.10"]
[SourceQuality "1"]

1. d4 Nf6 2. c4 Nc6 3. Nf3 e6 4. g3 Bb4+ 5. Nbd2 d6 6. Bg2 e5 7. d5 Ne7 8. Qa4+ Bd7 9. Qxb4 0-0 10. 0-0 c6 11. Qxd6 e4 12. Ne5 Nf5 13. Qa3 e3 14. fxe3 Ne7 15. dxc6 Nxc6 16. Nxd7 Qxd7 17. Nf3 Ng4 18. e4 Qe6 19. h3 Nf6 20. e5 Ne4 21. Bf4 Qxc4 22. Qd3 Qxd3 23. exd3 Nc5 24. d4 Nd3 25. d5 Ne7 26. d6 Ng6 27. Rfd1 Ndxf4 28. gxf4 Nxf4 29. d7 Rfd8 30. Rac1 Kf8 31. Rc7 Rab8 32. Nd4 Ke7 33. Bxb7 g6 34. Nc6+ Ke6 35. Nxb8 Kxe5 36. Nc6+ Ke6 37. Nxd8+ Ke7 38. Nc6+ Kf6 39. d8Q+ Kf5 40. Ne7+ Ke5 41. Qd6# 1-0

[Event "Titled Tuesday intern op 27th Dec Early"]
[Site "Chess.com INT"]
[Date "2022.12.27"]
[Round "1"]
[White "Bok, Benjamin"]
[Black "Postnikov, Artem"]
[Result "1-0"]
[WhiteElo "2618"]
[BlackElo "2197"]
[PlyCount "37"]
[EventDate "2022.12.27"]
[EventType "swiss (blitz)"]
[EventRounds "11"]
[EventCountry "USA"]
[SourceTitle "EXT 2024"]
[Source "ChessBase"]
[SourceDate "2023.10.10"]
[SourceVersion "1"]
[SourceVersionDate "2023.10.10"]
[SourceQuality "1"]

1. d4 d5 2. c4 c6 3. Nf3 Nf6 4. cxd5 cxd5 5. Nc3 Nc6 6. Bf4 Bf5 7. e3 e6 8. Qb3 Bb4 9. Ne5 0-0 10. Nxc6 Bxc3+ 11. Qxc3 bxc6 12. Qa3 Qb6 13. Ba6 Rfd8 14. 0-0 Ne4 15. f3 Nd2 16. Rfc1 Nc4 17. Bxc4 dxc4 18. Rxc4 Bd3 19. Qxd3 1-0

[Event "Titled Tuesday intern op 27th Dec Early"]
[Site "Chess.com INT"]
[Date "2022.12.27"]
[Round "3"]
[White "Jaracz, Pawel"]
[Black "Postnikov, Artem"]
[Result "1-0"]
[WhiteElo "2462"]
[BlackElo "2197"]
[PlyCount "83"]
[EventDate "2022.12.27"]
[EventType "swiss (blitz)"]
[EventRounds "11"]
[EventCountry "USA"]
[SourceTitle "EXT 2024"]
[Source "ChessBase"]
[SourceDate "2023.10.10"]
[SourceVersion "1"]
[SourceVersionDate "2023.10.10"]
[SourceQuality "1"]

1. d4 d5 2. Nc3 Nf6 3. Bg5 c6 4. f3 b5 5. Qd2 Bf5 6. e3 Nbd7 7. Nge2 h6 8. Bh4 Bh7 9. a4 b4 10. Nd1 a5 11. Nf2 e6 12. g4 Be7 13. Bg3 c5 14. dxc5 Bxc5 15. Nd4 Qb6 16. h4 e5 17. Nb5 Bxe3 18. Qe2 0-0 19. Nd3 e4 20. fxe4 Nxe4 21. Bc7 Qc6 22. Qxe3 Qxc2 23. Qc1 b3 24. Nd4 Qxc1+ 25. Rxc1 Ng3 26. Rh3 Nxf1 27. Kxf1 Rac8 28. Nf4 Nf6 29. g5 Ne4 30. gxh6 gxh6 31. Ke2 Rfe8 32. Re3 Ng3+ 33. Kf3 Ne4 34. Nxd5 Nd2+ 35. Kf4 Rxe3 36. Nxe3 Kf8 37. Nd5 Ke8 38. Nf6+ Ke7 39. Nxh7 Kd7 40. Nf6+ Ke7 41. Bd6+ Kxf6 42. Rxc8 1-0